Dans quel film ? MUSIQUE #2 - Statistiques

Statistiques générales
  • Ce quiz a été pris 44 fois
  • Le résultat moyen est 8 sur 20
Statistiques - réponses
Musique Film (en VF) % Correct
My Heart Will Go On - Céline Dion Titanic
93%
Shallow - Bradley Cooper, Lady Gaga A Star Is Born
85%
You're The One That I Want - John Travolta, Olivia Newton-John Grease
68%
Dance The Night - Dua Lipa Barbie
54%
Je Suis Ton Ami - Charl Elie Couture Toy Story
54%
Can You Feel the Love Tonight - Elton John Le Roi Lion
51%
I Will Always Love You - Whitney Houston Bodyguard
49%
Le Lac des Cygnes - Pyotr Ilyich Tchaïkovski Black Swan
44%
Take My Breath Away - Berlin Top Gun
44%
Maniac - Michael Sembello Flashdance
41%
Lady Marmelade - Christina Aguilera, Lil' Kim, Mya, P!nk Moulin Rouge!
39%
Over The Rainbow - Judy Garland Le Magicien d'Oz
37%
Eye of the Tiger - Survivor Rocky III
34%
The Power of Love - Huey Lewis & The News Retour vers le Futur
29%
Now We Are Free - Hans Zimmer, Lisa Gerrard Gladiator
22%
Bored - Billie Eilish (SERIE) 13 reasons why
17%
Sunflower - Post Malone, Swae Lee Spider-Man : Into the Spider-Verse
12%
Somewhere in My Memory - John Williams Maman, j'ai raté l'avion
7%
End of Line - Daft Punk Tron : L'Héritage
2%
Independent Women Part I - Destiny's Child Charlie et ses drôles de dames
0%
Aucun quiz correspondant
Distribution des résultats
% des personnes avec chaque résultat
Percentile par nombre de réponses
Votre historique - résultats
Vous n’avez pas pris ce quiz